Fundamentals of international business. / (Record no. 2844)

MARC details
000 -LEADER
fixed length control field 01113nam a22002057a 4500
008 - FIXED-LENGTH DATA ELEMENTS--GENERAL INFORMATION
fixed length control field 140411b xxu||||| |||| 00| 0 eng d
020 ## - INTERNATIONAL STANDARD BOOK NUMBER
International Standard Book Number 9780979734427
050 ## - LIBRARY OF CONGRESS CALL NUMBER
Classification number HF1379.C938
100 ## - MAIN ENTRY--PERSONAL NAME
Personal name Czinkota,Michael R.
245 ## - TITLE STATEMENT
Title Fundamentals of international business. /
Statement of responsibility, etc. Michael R.Czinkota, Ilkka A. Ronkainen and Michael H. Moffett
250 ## - EDITION STATEMENT
Edition statement 2nd ed.
260 ## - PUBLICATION, DISTRIBUTION, ETC.
Place of publication, distribution, etc. New York:
Name of publisher, distributor, etc. Wessex,
Date of publication, distribution, etc. 2009.
300 ## - PHYSICAL DESCRIPTION
Extent xxvi,359 p: + various pagings:
Other physical details ill.;
Dimensions 25cm.
500 ## - GENERAL NOTE
General note Includes index
505 ## - FORMATTED CONTENTS NOTE
Formatted contents note Contents: Globalization -- Globalization Drivers: Cultural environments -- Global trade environment -- Politics and Laws -- Economic integration -- Global trade and investment: Trade and investment theory: The International economic activity of the nation -- Global finance: Foreign exchange and global financial markets -- global financial management -- Global operations: Exporting and global expansion -- Global marketing -- Global supply chain -- Managing globally -- The Future.
650 ## - SUBJECT ADDED ENTRY--TOPICAL TERM
Topical term or geographic name entry element International Business
700 ## - ADDED ENTRY--PERSONAL NAME
Personal name Ilkka A. Ronkainen
700 ## - ADDED ENTRY--PERSONAL NAME
Personal name Michael H. Moffett
942 ## - ADDED ENTRY ELEMENTS (KOHA)
Source of classification or shelving scheme Library of Congress Classification
Koha item type Books
Holdings
Withdrawn status Lost status Source of classification or shelving scheme Damaged status Not for loan Home library Current library Shelving location Date acquired Total Checkouts Full call number Barcode Date last seen Copy number Price effective from Koha item type
    Library of Congress Classification     WISCONSIN INTERNATIONAL UNIVERSITY COLLEGE, GHANA - MAIN LIBRARY WISCONSIN INTERNATIONAL UNIVERSITY COLLEGE, GHANA - MAIN LIBRARY CC 11/04/2014   HF1379 .C9381 831/024/13 11/04/2014 2 11/04/2014 Books
    Library of Congress Classification     WISCONSIN INTERNATIONAL UNIVERSITY COLLEGE, GHANA - MAIN LIBRARY WISCONSIN INTERNATIONAL UNIVERSITY COLLEGE, GHANA - MAIN LIBRARY CC 11/04/2014   HF1379 .C938 830/023/13 11/04/2014 2 11/04/2014 Books

If you have any concerns or questions; kindly contact the library


© Powered by WIUC ICT DIRECTORATE